000
00274nam a2200097Ia 4500
001
1226939
005
20250827093014.0
008
250824s9999 xx 000 0 und d
245
0
_a
SÖYLENMEMİŞ ŞARKILAR
_c
CANAN TAN
260
_b
ALTIN KİTAPLAR YAYINLARI
999
_c
1226939
_d
1226939